| 000 | 00913nam a2200253 i 4500 | ||
|---|---|---|---|
| 001 | bg | ||
| 100 | 1 | _aMOSSAKOWSKA, Ewa | |
| 245 | 1 | 0 |
_aTesty sprawdzające z mikroekonomii / _cEwa Mossakowska, Maria Zajączkowska, Aldona Zawojska. |
| 260 |
_aWarszawa : _bWydaw. SGGW [Szkoły Głównej Gospodarstwa Wiejskiego], _c1998 _e(Warsz. : _f"Evan"). |
||
| 300 |
_a133 s. : _bwykr. ; _c24 cm. |
||
| 504 | _aBibliogr. s. 133. | ||
| 650 | 9 | _aMikroekonomia | |
| 655 | _aĆwiczenia i zadania | ||
| 700 | 1 | _aZAJĄCZKOWSKA, Maria Małgorzata | |
| 700 | 1 | _aZAWOJSKA, Aldona | |
| 020 | _a8300031499 | ||
| 040 | _cBPK | ||
| 041 | 0 | _apl | |
| 080 | _a330.101.542(075.8)(076) | ||
| 920 | _a83-00-03149-9 | ||
| 942 | _cKS | ||
| 008 | s pl f |000 0 pol | ||
| 999 |
_c42280 _d42280 |
||
| 856 |
_uhttp://koha.tu.koszalin.pl/cgi-bin/koha/opac-detail.pl?biblionumber=42280 _yKatalog online BPK |
||